[Event "Titled Tuesday intern op 13th Feb Late"]
[Site "Chess.com INT"]
[Date "2024.02.13"]
[Round "4"]
[White "Zakrzewski, Marek"]
[Black "Hakobyan, Aram"]
[Result "0-1"]
[WhiteElo "2294"]
[BlackElo "2619"]
[PlyCount "78"]
[EventDate "2024.02.13"]
[EventType "swiss (blitz)"]
[EventRounds "11"]
[EventCountry "USA"]
[SourceTitle "CBM 218 Extra"]
[Source "ChessBase"]
[SourceDate "2024.03.31"]
[SourceVersion "1"]
[SourceVersionDate "2024.03.31"]
[SourceQuality "1"]

1. d4 Nf6 2. Nf3 d5 3. e3 Bf5 4. c4 c6 5. Nc3 e6 6. Qb3 Qc7 7. Bd2 Nbd7 8. Rc1 Qb8 9. Nh4 Bg4 10. h3 Bh5 11. g4 Bg6 12. Nxg6 hxg6 13. Bg2 Nb6 14. cxd5 exd5 15. Ne2 Bd6 16. Qc2 Nc4 17. Bc3 Qc7 18. b3 Nb6 19. a4 a5 20. Bf3 Nbd7 21. Bb2 g5 22. Nc3 Qb6 23. Bg2 Nf8 24. e4 Ne6 25. e5 Nxd4 26. Qd1 Bxe5 27. 0-0 0-0 28. Re1 Rfe8 29. Nxd5 cxd5 30. Rxe5 Nxb3 31. Rxe8+ Rxe8 32. Rb1 Qb4 33. Bxf6 gxf6 34. Qxb3 Re1+ 35. Rxe1 Qxb3 36. Re8+ Kg7 37. Rd8 Qd1+ 38. Kh2 d4 39. Rd7 Qd2 0-1

[Event "POL-chT 2nd League"]
[Site "Jastrzebia Gora"]
[Date "2023.09.05"]
[Round "4.74"]
[White "Zakrzewski, Marek"]
[Black "Papka, Sebastian"]
[Result "1-0"]
[WhiteElo "2306"]
[BlackElo "2107"]
[PlyCount "125"]
[EventDate "2023.09.02"]
[EventType "team-swiss"]
[EventRounds "9"]
[EventCountry "POL"]
[SourceTitle "CBM 216 Extra"]
[Source "ChessBase"]
[SourceDate "2023.11.30"]
[SourceVersion "1"]
[SourceVersionDate "2023.11.30"]
[SourceQuality "1"]
[WhiteTeam "Lipno Steszew"]
[BlackTeam "Torun UMK"]
[WhiteTeamCountry "POL"]
[BlackTeamCountry "POL"]

1. e4 c6 2. Nc3 d5 3. Nf3 Bg4 4. h3 Bxf3 5. Qxf3 e6 6. g3 Nf6 7. Bg2 dxe4 8. Nxe4 Nxe4 9. Qxe4 Nd7 10. d4 Qa5+ 11. c3 Qd5 12. 0-0 Qxe4 13. Bxe4 Bd6 14. Re1 0-0 15. f4 g6 16. Bd2 h5 17. Kg2 Rfd8 18. Rad1 Nf6 19. Bc2 c5 20. dxc5 Bxc5 21. Bc1 a5 22. Kf3 b6 23. a3 Rac8 24. Rxd8+ Rxd8 25. Rd1 Rxd1 26. Bxd1 Bd6 27. Be3 Bc7 28. c4 Kf8 29. b4 axb4 30. axb4 Ke7 31. Bc2 Nd7 32. Ke4 Bd6 33. Bd2 Kd8 34. Ba4 Kc7 35. Bc3 Kd8 36. Ke3 Kc7 37. g4 hxg4 38. hxg4 Kd8 39. g5 Kc7 40. Bd2 Kd8 41. Kd3 Kc7 42. Bb5 Kd8 43. Bc6 Kc7 44. Be4 Kd8 45. Kc3 Kc7 46. Kb3 Nb8 47. Ka4 Nc6 48. Kb5 Nd4+ 49. Ka6 Nb3 50. Be1 Bxf4 51. Bf2 Bxg5 52. Bxb6+ Kd7 53. c5 f5 54. Bb7 Bf4 55. c6+ Ke7 56. c7 Bxc7 57. Bxc7 g5 58. Kb5 Kd7 59. Be5 Nd2 60. Bc6+ Kc8 61. Kc5 f4 62. b5 f3 63. b6 1-0